Catalog

Record Details

Catalog Search



A beautiful day in the neighborhood : the poetry of Mister Rogers  Cover Image Book Book

A beautiful day in the neighborhood : the poetry of Mister Rogers / lyrics by Fred Rogers ; illustrations by Luke Flowers.

Rogers, Fred, (author.). Flowers, Luke, (illustrator.).

Summary:

"Lyrics to seventy-five songs from the children's television programs Mister Rogers' Neighborhood and The Children's Corner, collected and presented as an illustrated treasury of poems. Lyrics explore topics such as feelings, new siblings, everyday life, and imagination"-- Provided by publisher.

Record details

  • ISBN: 9781683691136
  • ISBN: 168369113X
  • Physical Description: 141 pages : color illustrations ; 23 cm
  • Publisher: Philadelphia : Quirk Books, [2019]

Content descriptions

General Note:
Includes index.
Subject: Children's poetry.
Genre: Poetry.

Available copies

  • 1 of 1 copy available at scottsboropl.

Holds

  • 0 current holds with 1 total copy.
Show Only Available Copies
Location Call Number / Copy Notes Barcode Shelving Location Status Due Date
scottsboropl E 811.54 Rog 32269001131138 Juvenile - Easy NonFiction Available -

LDR 01583nam a2200361Ii 4500
001152231
003CONS
00520190813131800.0
008190311t20192019paua j 001 0 eng
010 . ‡a 2018943034
020 . ‡a9781683691136 ‡q(hardcover)
020 . ‡a168369113X ‡q(hardcover)
035 . ‡a(CPomAG)LMN613807
05000. ‡aPS3618.O4585 ‡bA6 2019
08204. ‡a811.54
1001 . ‡aRogers, Fred, ‡eauthor.
24010. ‡aPoems. ‡kSelections
24512. ‡aA beautiful day in the neighborhood : ‡bthe poetry of Mister Rogers / ‡clyrics by Fred Rogers ; illustrations by Luke Flowers.
264 1. ‡aPhiladelphia : ‡bQuirk Books, ‡c[2019]
300 . ‡a141 pages : ‡bcolor illustrations ; ‡c23 cm
336 . ‡atext ‡btxt ‡2rdacontent
337 . ‡aunmediated ‡bn ‡2rdamedia
338 . ‡avolume ‡bnc ‡2rdacarrier
500 . ‡aIncludes index.
520 . ‡a"Lyrics to seventy-five songs from the children's television programs Mister Rogers' Neighborhood and The Children's Corner, collected and presented as an illustrated treasury of poems. Lyrics explore topics such as feelings, new siblings, everyday life, and imagination"-- ‡cProvided by publisher.
650 0. ‡aChildren's poetry.
655 7. ‡aPoetry. ‡2lcgft
7001 . ‡aFlowers, Luke, ‡eillustrator.
7300 . ‡aMister Rogers' neighborhood (Television program)
7300 . ‡aChildren's corner (Television program)
914 . ‡aSCP_LP
959 . ‡i32269001131138 ‡lJ 811.54 Rog ‡aJuvenile - NonFiction ‡tHardback ‡g20.00
852 . ‡p32269001131138 ‡jJ 811.54 Rog ‡gJuvenile - NonFiction ‡cHardback ‡y20.00 ‡bSBPL
901 . ‡a152231 ‡bUnknown ‡c152231 ‡tbiblio

Additional Resources